000 00285nam a2200121 4500
999 _c10790
_d10790
003 OSt
005 20220907185139.0
008 220907b ||||| |||| 00| 0 eng d
100 _dMisha Black
245 _aExhibition Design
260 _aLondon
_bThe Architectural press
942 _2ddc